[Event "15. Torneo Aficionados Benidorm s-2300"]
[Site "Benidorm ESP"]
[Date "2016.12.05"]
[Round "4.1"]
[White "Barbera Estelles, Rosendo"]
[Black "Hristodorescu, Daniel"]
[Result "1/2-1/2"]
[WhiteElo "2178"]
[BlackElo "2219"]
[PlyCount "138"]
[EventDate "2016.12.02"]
[EventType "swiss"]
[EventRounds "10"]
[EventCountry "ESP"]
[SourceTitle "Ajedrez en Madrid"]
[Source "lmi"]
[SourceDate "2016.12.02"]

1. e4 e5 2. Nf3 Nc6 3. Bc4 Bc5 4. c3 Qe7 5. b4 Bb6 6. a4 a5 7. b5 Nb8 8. d3 Nf6
9. Bg5 h6 10. Bh4 d6 11. Nbd2 Be6 12. O-O Nbd7 13. Re1 g5 14. Bg3 Nh7 15. Bxe6
Qxe6 16. Nc4 Nhf8 17. Nxb6 Nxb6 18. d4 f6 19. Nd2 h5 20. h3 Ng6 21. Qb3 Qxb3
22. Nxb3 Nc4 23. Ra2 Nf8 24. Nd2 Nxd2 25. Rxd2 h4 26. Bh2 Nd7 27. f3 Ke7 28.
Kf1 Rhc8 29. Red1 Nb6 30. Ra2 Nc4 31. Ke2 c6 32. Rb1 Ke6 33. Kd3 d5 34. Raa1 c5
35. exd5+ Kxd5 36. dxc5 Rxc5 37. Bg1 Rc7 38. b6 Rc6 39. Rb5+ Ke6 40. Rc5 Rxc5
41. Bxc5 Kd5 42. Bf2 Rc8 43. Rb1 Nd6 44. Rd1 Ke6 45. Kc2 f5 46. Kb3 f4 47. Re1
Rc6 48. Rd1 Nc4 49. Rd8 Nxb6 50. Bxb6 Rxb6+ 51. Kc2 Kf5 52. Rf8+ Rf6 53. Re8
Re6 54. Rf8+ Kg6 55. Kd3 Rd6+ 56. Kc2 Rd7 57. Ra8 b6 58. Rb8 Rd6 59. Re8 Kf6
60. Rf8+ Ke6 61. Rg8 Kf5 62. Rf8+ Rf6 63. Re8 Rf7 64. Kd3 Rd7+ 65. Kc2 Rb7 66.
Rf8+ Ke6 67. Rg8 Kf6 68. Rf8+ Ke6 69. Rg8 Ke7 1/2-1/2

[Event "15. Torneo Aficionados Benidorm s-2300"]
[Site "Benidorm ESP"]
[Date "2016.12.05"]
[Round "4.2"]
[White "Roig Aguilar, Alejandro"]
[Black "Buyukasik, Diyap"]
[Result "1-0"]
[WhiteElo "2150"]
[BlackElo "2179"]
[PlyCount "55"]
[EventDate "2016.12.02"]
[EventType "swiss"]
[EventRounds "10"]
[EventCountry "ESP"]
[SourceTitle "Ajedrez en Madrid"]
[Source "lmi"]
[SourceDate "2016.12.02"]

1. e4 c5 2. Nc3 Nc6 3. f4 e6 4. Nf3 Nge7 5. d4 cxd4 6. Nxd4 Nxd4 7. Qxd4 Nc6 8.
Qf2 Bb4 9. Bd2 a6 10. Bd3 b5 11. Qg3 O-O 12. Qh3 f6 13. e5 f5 14. g4 Nd4 15.
O-O-O Bb7 16. Rhg1 g6 17. Be3 fxg4 18. Rxg4 Nf5 19. Rdg1 Rf7 20. Bxf5 exf5 21.
Rh4 Rg7 22. Rxg6 hxg6 23. Rh8+ Kf7 24. Rxd8 Rxd8 25. Bd4 Ke6 26. Nxb5 Ba5 27.
Qa3 axb5 28. Qd6+ 1-0

[Event "15. Torneo Aficionados Benidorm s-2300"]
[Site "Benidorm ESP"]
[Date "2016.12.05"]
[Round "4.3"]
[White "Sabater Sanchez, Asensio"]
[Black "Carrascoso Morales, Abel"]
[Result "1/2-1/2"]
[WhiteElo "2143"]
[BlackElo "2210"]
[PlyCount "120"]
[EventDate "2016.12.02"]
[EventType "swiss"]
[EventRounds "10"]
[EventCountry "ESP"]
[SourceTitle "Ajedrez en Madrid"]
[Source "lmi"]
[SourceDate "2016.12.02"]

1. d4 d6 2. Nf3 g6 3. Bf4 Bg7 4. e3 Nf6 5. Be2 O-O 6. O-O Nc6 7. c4 Nh5 8. Bg5
h6 9. Bh4 g5 10. Nfd2 gxh4 11. Bxh5 e5 12. d5 Ne7 13. Nc3 c6 14. e4 f5 15. exf5
Bxf5 16. Bf3 Qb6 17. Qb3 Qxb3 18. axb3 h3 19. Nde4 hxg2 20. Bxg2 Rfd8 21. dxc6
Nxc6 22. Nb5 Bf8 23. Rfd1 Bxe4 24. Bxe4 Rd7 25. Rd3 a6 26. Bxc6 bxc6 27. Nc3
Be7 28. Ra5 Bd8 29. Ra1 Bc7 30. Ne4 Rg7+ 31. Kf1 Rg6 32. b4 Kf7 33. Rda3 Rg4
34. Nd2 Rd4 35. Ke2 Bd8 36. b3 Ke6 37. Rxa6 Rxa6 38. Rxa6 Kd7 39. Ra7+ Bc7 40.
Nf3 Rf4 41. Ra1 Bb6 42. Rf1 Ke6 43. Nd2 Rh4 44. Rh1 d5 45. Rg1 Kf6 46. Ra1 Rxh2
47. c5 Bd8 48. Nf3 Rh3 49. Ra6 e4 50. Rxc6+ Kf5 51. Nd4+ Ke5 52. Ne6 Bh4 53.
Ng7 d4 54. Re6+ Kd5 55. Rd6+ Ke5 56. Re6+ Kd5 57. Rd6+ Ke5 58. Re6+ Kf4 59. c6
d3+ 60. Kf1 Rh1+ 1/2-1/2

[Event "15. Torneo Aficionados Benidorm s-2300"]
[Site "Benidorm ESP"]
[Date "2016.12.05"]
[Round "4.4"]
[White "Picazo Lopez, Juan Antonio"]
[Black "Sai Agni Jeevitesh, J."]
[Result "0-1"]
[WhiteElo "2192"]
[BlackElo "2115"]
[PlyCount "62"]
[EventDate "2016.12.02"]
[EventType "swiss"]
[EventRounds "10"]
[EventCountry "ESP"]
[SourceTitle "Ajedrez en Madrid"]
[Source "lmi"]
[SourceDate "2016.12.02"]

1. d4 Nf6 2. c4 e6 3. Nc3 Bb4 4. e3 O-O 5. Bd3 d5 6. cxd5 exd5 7. Nge2 Re8 8.
O-O Bd6 9. Nb5 Bf8 10. Nf4 Na6 11. Bd2 c6 12. Nc3 Nc7 13. Qc2 Ne6 14. Nxe6 Bxe6
15. f4 c5 16. Kh1 Rc8 17. Bb5 Bd7 18. Qa4 Bxb5 19. Qxb5 Re6 20. Qd3 c4 21. Qc2
Qd7 22. Rf3 b5 23. Rg1 b4 24. Ne2 Ne4 25. Bc1 Rb6 26. g4 b3 27. axb3 cxb3 28.
Qd3 Rc2 29. f5 Qb5 30. Qxb5 Rxb5 31. Re1 Bb4 0-1

[Event "15. Torneo Aficionados Benidorm s-2300"]
[Site "Benidorm ESP"]
[Date "2016.12.05"]
[Round "4.5"]
[White "Aroven, Mikael"]
[Black "Krantz, Christopher"]
[Result "1-0"]
[WhiteElo "2121"]
[BlackElo "2188"]
[PlyCount "133"]
[EventDate "2016.12.02"]
[EventType "swiss"]
[EventRounds "10"]
[EventCountry "ESP"]
[SourceTitle "Ajedrez en Madrid"]
[Source "lmi"]
[SourceDate "2016.12.02"]

1. Nf3 d5 2. g3 c6 3. Bg2 Bg4 4. O-O Nd7 5. d4 e6 6. Nbd2 f5 7. Ne5 Nxe5 8.
dxe5 Qc7 9. Nf3 Bxf3 10. exf3 Bc5 11. f4 Ne7 12. Qe2 O-O 13. Bd2 Rfd8 14. a4 a6
15. a5 Ba7 16. Rfc1 Rd7 17. Be1 Rad8 18. Bf1 c5 19. c4 d4 20. Qd3 Nc6 21. h4
Rb8 22. b4 cxb4 23. c5 Rd5 24. Qc4 Qe7 25. Bxb4 Nxb4 26. Qxb4 Rxc5 27. Rcb1 Rc7
28. Qb3 Rbc8 29. Ra4 Bc5 30. Bd3 g6 31. Ra2 Kf7 32. Ra4 Qd7 33. Ra2 Ba7 34.
Rab2 Rc1+ 35. Kh2 Rxb1 36. Rxb1 Rc7 37. g4 fxg4 38. h5 Qc6 39. Qd1 gxh5 40. Qe2
Bc5 41. Be4 Qd7 42. Qd3 Kg8 43. Kg2 Qf7 44. Qg3 Kh8 45. Rc1 Bf8 46. Rxc7 Qxc7
47. Qb3 Qd7 48. Qxb7 Qxb7 49. Bxb7 d3 50. Bxa6 d2 51. Be2 Kg7 52. f3 Bc5 53.
fxg4 hxg4 54. Bxg4 Kg6 55. Kg3 h5 56. Bd1 Kh6 57. a6 Kg6 58. Bc2+ Kh6 59. Kf3
h4 60. Ke2 Kh5 61. Kxd2 Kg4 62. f5 exf5 63. e6 h3 64. e7 h2 65. e8=Q Bb4+ 66.
Ke2 h1=Q 67. Qg6+ 1-0

[Event "15. Torneo Aficionados Benidorm s-2300"]
[Site "Benidorm ESP"]
[Date "2016.12.05"]
[Round "4.6"]
[White "Garcia Martin, Marta"]
[Black "Do Santos Julio, Joao Manuel"]
[Result "0-1"]
[WhiteElo "2184"]
[BlackElo "2108"]
[PlyCount "130"]
[EventDate "2016.12.02"]
[EventType "swiss"]
[EventRounds "10"]
[EventCountry "ESP"]
[SourceTitle "Ajedrez en Madrid"]
[Source "lmi"]
[SourceDate "2016.12.02"]

1. e4 c5 2. Nf3 e6 3. d4 cxd4 4. Nxd4 Nf6 5. Nc3 d6 6. g4 Nc6 7. g5 Nd7 8. Be3
a6 9. h4 Qc7 10. h5 Nxd4 11. Qxd4 f6 12. h6 Ne5 13. Be2 Nc6 14. hxg7 Bxg7 15.
Bh5+ Kd7 16. Qd2 Ne5 17. Be2 b5 18. gxf6 Bxf6 19. O-O-O Bb7 20. f4 Ng6 21. e5
Be7 22. exd6 Bxd6 23. Rhe1 Rad8 24. Bxb5+ Kc8 25. Qf2 Bxf4 26. Bxf4 Qxf4+ 27.
Qxf4 Nxf4 28. Bc4 Rxd1+ 29. Kxd1 Kd7 30. Ne4 Rc8 31. b3 h6 32. Kc1 Bd5 33. Nf6+
Kd6 34. Bxa6 Ra8 35. Bb5 Rxa2 36. Kb1 Ra5 37. c4 Bg2 38. Ne4+ Bxe4+ 39. Rxe4 e5
40. Re1 h5 41. Rd1+ Kc5 42. Kb2 Kb4 43. Rd7 e4 44. Ba4 Re5 45. Rb7+ Kc5 46. Kc3
Kd6 47. Rb6+ Kc7 48. Rc6+ Kb7 49. Rf6 e3 50. Rf7+ Kb8 51. Rf8+ Kc7 52. Rf7+ Kd6
53. Rd7+ Ke6 54. Rd8 Kf6 55. Rf8+ Kg5 56. Rg8+ Kh4 57. Rg1 e2 58. Kd2 Ng2 59.
Re1 Nxe1 60. Kxe1 Kg3 61. Bc6 Kf4 62. Bb5 Ke3 63. c5 Rxc5 64. Bxe2 Rc1+ 65. Bd1
h4 0-1

[Event "15. Torneo Aficionados Benidorm s-2300"]
[Site "Benidorm ESP"]
[Date "2016.12.05"]
[Round "4.7"]
[White "De La Cruz Revilla, Miguel"]
[Black "Nieves Cabanes, Javier"]
[Result "1-0"]
[WhiteElo "2090"]
[BlackElo "2166"]
[PlyCount "123"]
[EventDate "2016.12.02"]
[EventType "swiss"]
[EventRounds "10"]
[EventCountry "ESP"]
[SourceTitle "Ajedrez en Madrid"]
[Source "lmi"]
[SourceDate "2016.12.02"]

1. e4 c5 2. Nf3 Nc6 3. d4 cxd4 4. Nxd4 e5 5. Nb5 a6 6. Nd6+ Bxd6 7. Qxd6 Qf6 8.
Qd2 Qg6 9. f3 Nge7 10. c4 O-O 11. Nc3 Nd4 12. Bd3 b5 13. b3 b4 14. Na4 Rb8 15.
Qg5 Qd6 16. O-O Ne6 17. Qe3 Nc6 18. Bb2 Qe7 19. Nb6 Qc5 20. Nd5 d6 21. Kh1 Qxe3
22. Nxe3 Nc5 23. Rfd1 Be6 24. Bc2 Rfd8 25. Rd2 Kf8 26. Rad1 Ke7 27. g3 h6 28.
f4 f6 29. Rf1 a5 30. Nd5+ Bxd5 31. exd5 Na7 32. Re2 Nc8 33. Bd4 Nd7 34. Bf5
Ncb6 35. Bg4 Rf8 36. Kg2 g6 37. Bh3 Rbe8 38. Be3 Kd8 39. Rfe1 h5 40. Be6 Kc7
41. Rf1 Nc5 42. Bxc5 dxc5 43. fxe5 fxe5 44. Rxf8 Rxf8 45. Rxe5 Kd6 46. Re4 a4
47. g4 axb3 48. axb3 Ra8 49. Bf7 Ra2+ 50. Kg3 h4+ 51. Kxh4 Rxh2+ 52. Kg5 Rh3
53. Re6+ Kc7 54. Rc6+ Kb7 55. Rxc5 Rxb3 56. d6 Rd3 57. Rc7+ Kb8 58. c5 Na4 59.
Be6 b3 60. Rc8+ Ka7 61. Bxb3 Nxc5 62. Rxc5 1-0

[Event "15. Torneo Aficionados Benidorm s-2300"]
[Site "Benidorm ESP"]
[Date "2016.12.05"]
[Round "4.8"]
[White "Gonzalez Acosta, Angel"]
[Black "Benet Catala, Antonio"]
[Result "1-0"]
[WhiteElo "2054"]
[BlackElo "2165"]
[PlyCount "67"]
[EventDate "2016.12.02"]
[EventType "swiss"]
[EventRounds "10"]
[EventCountry "ESP"]
[SourceTitle "Ajedrez en Madrid"]
[Source "lmi"]
[SourceDate "2016.12.02"]

1. d4 g6 2. e4 Bg7 3. Nc3 d6 4. g3 Nf6 5. Bg2 O-O 6. h3 c6 7. a4 Nbd7 8. Nge2
Re8 9. O-O e5 10. Be3 Qe7 11. g4 Nf8 12. Ng3 Ne6 13. Nce2 exd4 14. Nxd4 Nc5 15.
f3 d5 16. g5 Nfd7 17. b4 Ne6 18. Nxe6 fxe6 19. Rb1 Nb6 20. a5 Nc4 21. Bc1 Bc3
22. f4 Bxb4 23. Rxb4 Qxb4 24. f5 Qc5+ 25. Kh1 exf5 26. Nh5 Rxe4 27. Nf6+ Kh8
28. Bxe4 fxe4 29. Nxe4 Qe7 30. Bb2+ Ne5 31. Nf6 Bf5 32. Re1 Be4+ 33. Nxe4 dxe4
34. Rxe4 1-0

[Event "15. Torneo Aficionados Benidorm s-2300"]
[Site "Benidorm ESP"]
[Date "2016.12.05"]
[Round "4.9"]
[White "Nunez Garcia, Alberto"]
[Black "Jordan Martinez, Miguel"]
[Result "1-0"]
[WhiteElo "2053"]
[BlackElo "2158"]
[PlyCount "79"]
[EventDate "2016.12.02"]
[EventType "swiss"]
[EventRounds "10"]
[EventCountry "ESP"]
[SourceTitle "Ajedrez en Madrid"]
[Source "lmi"]
[SourceDate "2016.12.02"]

1. e4 e6 2. d4 d5 3. Nd2 Nf6 4. e5 Nfd7 5. Bd3 c5 6. c3 Nc6 7. Ne2 cxd4 8. cxd4
f6 9. exf6 Qxf6 10. Nf3 h6 11. O-O Bd6 12. Ng3 O-O 13. Bc2 Rd8 14. Re1 Nf8 15.
Nh5 Qf7 16. Ne5 Nxe5 17. dxe5 Bc5 18. Be3 d4 19. Bxh6 d3 20. Be3 Be7 21. Bb3 b6
22. Qg4 Qg6 23. Qh3 Qh7 24. Qf3 Ba6 25. Nf4 Qf5 26. Nxe6 Qxf3 27. Nxd8+ Kh7 28.
gxf3 Rxd8 29. f4 Ng6 30. Rec1 Nh4 31. Rc7 Bc5 32. Bxc5 bxc5 33. e6 Rd6 34. f3
c4 35. e7 Re6 36. Ba4 Re2 37. Bc6 d2 38. e8=Q Nxf3+ 39. Bxf3 Rxe8 40. Kf2 1-0

[Event "15. Torneo Aficionados Benidorm s-2300"]
[Site "Benidorm ESP"]
[Date "2016.12.05"]
[Round "4.10"]
[White "Spitzer Isbert, Ramon"]
[Black "Solano Lasierra, Javier"]
[Result "0-1"]
[WhiteElo "2000"]
[BlackElo "2143"]
[PlyCount "129"]
[EventDate "2016.12.02"]
[EventType "swiss"]
[EventRounds "10"]
[EventCountry "ESP"]
[SourceTitle "Ajedrez en Madrid"]
[Source "lmi"]
[SourceDate "2016.12.02"]

1. Nf3 d5 2. g3 Nf6 3. Bg2 e6 4. O-O Be7 5. b3 O-O 6. Bb2 c5 7. c4 d4 8. e3 Nc6
9. exd4 cxd4 10. Re1 Qb6 11. d3 Nd7 12. Na3 Bf6 13. Nb5 Rd8 14. Nd6 Nc5 15. Ne4
Nxe4 16. Rxe4 e5 17. g4 g6 18. Bc1 Bg7 19. Bg5 f6 20. Bh4 Re8 21. Nd2 Nb4 22.
Nf1 Bd7 23. a3 Na6 24. Re1 Bc6 25. b4 Bxg2 26. Kxg2 Nc7 27. Nd2 Ne6 28. Bg3
Rad8 29. c5 Qc7 30. Rc1 Ng5 31. b5 Kh8 32. h4 Nf7 33. Rc4 Rd5 34. Nb3 Qd8 35.
Ra4 f5 36. f3 Qd7 37. c6 bxc6 38. bxc6 Qxc6 39. Rxa7 Nd6 40. Qc1 Qc3 41. Nd2
Rc5 42. Nb3 Rb5 43. Qxc3 dxc3 44. Nc1 Rb2+ 45. Kh3 Nb5 46. Ra4 Kg8 47. d4 e4
48. d5 Rd2 49. fxe4 fxe4 50. Ra5 Nd4 51. d6 Nf3 52. Rf1 c2 53. Rc5 Rd8 54. Rc7
Rd1 55. Kg2 Nd2 56. Rff7 Bd4 57. Ne2 c1=Q 58. Nxc1 Rg1+ 59. Kh3 Rxc1 60. Rb7
Nf3 61. Bf2 Rh1+ 62. Kg3 Be5+ 63. Kg2 Rh2+ 64. Kf1 Rxd6 65. Rbd7 0-1

[Event "15. Torneo Aficionados Benidorm s-2300"]
[Site "Benidorm ESP"]
[Date "2016.12.05"]
[Round "4.11"]
[White "Torres Sanchez, Jose"]
[Black "Gonzalez Aguirre, Luis"]
[Result "1/2-1/2"]
[WhiteElo "2281"]
[BlackElo "2053"]
[PlyCount "152"]
[EventDate "2016.12.02"]
[EventType "swiss"]
[EventRounds "10"]
[EventCountry "ESP"]
[SourceTitle "Ajedrez en Madrid"]
[Source "lmi"]
[SourceDate "2016.12.02"]

1. e4 c6 2. Nc3 d5 3. Nf3 Bg4 4. d4 e6 5. Bd3 dxe4 6. Nxe4 Nd7 7. O-O Ngf6 8.
Ng3 Be7 9. h3 Bxf3 10. Qxf3 O-O 11. b3 Qa5 12. Bb2 Ba3 13. Bxa3 Qxa3 14. c4 a5
15. Rfd1 Rfd8 16. Qe3 Nf8 17. Rd2 Rd7 18. Rad1 Rad8 19. Ne2 a4 20. bxa4 Qxa4
21. Rb1 Qa7 22. Rb3 Ng6 23. Rdb2 Re7 24. Rb6 Nf8 25. g3 Rde8 26. f4 Rd7 27. Kg2
Red8 28. Qe5 Qa3 29. Qe3 Qa5 30. Bb1 c5 31. dxc5 Rd1 32. Nc3 R1d7 33. Rxb7 Rxb7
34. Rxb7 Qa6 35. Rb5 h5 36. Bd3 N8d7 37. Be2 Rc8 38. a4 Qa7 39. a5 Nxc5 40. Na4
Nfd7 41. Bf3 Qc7 42. Nb6 Rd8 43. Nxd7 Nxd7 44. c5 Nf6 45. c6 Nd5 46. Bxd5 exd5
47. Qc5 Rd6 48. Rb6 d4 49. a6 d3 50. Rb7 d2 51. Rxc7 d1=Q 52. Rc8+ Kh7 53. Qf5+
Rg6 54. Qe4 Qd2+ 55. Kh1 Qc3 56. c7 Qxg3 57. Rh8+ Kxh8 58. c8=Q+ Kh7 59. Qxg6+
fxg6 60. Qb7 Qxh3+ 61. Kg1 Qg3+ 62. Kf1 Qxf4+ 63. Ke2 Qc4+ 64. Kd2 Qd4+ 65. Kc2
Qc4+ 66. Kb2 Qd4+ 67. Kb3 Qe3+ 68. Kb4 Qd4+ 69. Kb5 Qd3+ 70. Kb6 Qd4+ 71. Kc7
Qe5+ 72. Kc8 Qe8+ 73. Kc7 Qe5+ 74. Kd8 Qd6+ 75. Kc8 Qf8+ 76. Kc7 Qf4+ 1/2-1/2

[Event "15. Torneo Aficionados Benidorm s-2300"]
[Site "Benidorm ESP"]
[Date "2016.12.05"]
[Round "4.12"]
[White "Rodriguez Garcia, Carlos"]
[Black "Lillo Castany, Victor"]
[Result "0-1"]
[WhiteElo "2142"]
[BlackElo "2290"]
[PlyCount "112"]
[EventDate "2016.12.02"]
[EventType "swiss"]
[EventRounds "10"]
[EventCountry "ESP"]
[SourceTitle "Ajedrez en Madrid"]
[Source "lmi"]
[SourceDate "2016.12.02"]

1. e4 e5 2. Nf3 Nc6 3. Bb5 g6 4. O-O Bg7 5. c3 d6 6. h3 Nge7 7. d4 Bd7 8. Bg5
h6 9. Be3 O-O 10. Nbd2 Nxd4 11. Bxd7 Nxf3+ 12. Nxf3 Qxd7 13. Nh2 Kh7 14. f4
exf4 15. Bxf4 Rae8 16. Ng4 Ng8 17. Qd3 Qa4 18. c4 Qc6 19. Rae1 Bxb2 20. Nxh6
Nxh6 21. Bxh6 Kxh6 22. Qd2+ Kh7 23. Qxb2 Rxe4 24. Rxe4 Qxe4 25. Qf6 Qe3+ 26.
Kh1 Qe5 27. Qh4+ Kg7 28. Re1 Qf6 29. Qe4 c6 30. Rb1 Rb8 31. Qe3 b6 32. a4 Qe5
33. Qf3 Rc8 34. Rf1 Rc7 35. Qf2 Re7 36. a5 bxa5 37. Qf3 d5 38. cxd5 cxd5 39.
Rd1 d4 40. Qg4 a4 41. Qxd4 Qxd4 42. Rxd4 Kf6 43. Rxa4 Ke5 44. Rc4 Kd5 45. Rc8
Kd6 46. h4 Re4 47. Rh8 a5 48. g3 a4 49. Ra8 Kc6 50. Kg2 Kb5 51. Kf3 f5 52. Rb8+
Kc4 53. Rb6 Rg4 54. Kf2 a3 55. Kf3 a2 56. Ra6 Kb3 0-1

[Event "15. Torneo Aficionados Benidorm s-2300"]
[Site "Benidorm ESP"]
[Date "2016.12.06"]
[Round "5.1"]
[White "Hristodorescu, Daniel"]
[Black "Roig Aguilar, Alejandro"]
[Result "1-0"]
[PlyCount "49"]
[EventDate "2016.12.02"]
[EventType "swiss"]
[EventRounds "10"]
[EventCountry "ESP"]
[SourceTitle "Ajedrez en Madrid"]
[Source "lmi"]
[SourceDate "2016.12.02"]
[WhiteElo "2219"]
[BlackElo "2150"]

1. e4 c5 2. Nf3 g6 3. c3 Bg7 4. d4 cxd4 5. cxd4 d5 6. exd5 Nf6 7. Nc3 Nxd5 8.
Qb3 Nb6 9. Bb5+ N6d7 10. O-O O-O 11. Re1 Nc6 12. Bg5 Nf6 13. d5 Na5 14. Qa3 a6
15. Bf1 b5 16. d6 exd6 17. Rad1 Be6 18. Ne4 Nc4 19. Bxc4 bxc4 20. Rxd6 Qe7 21.
Nd4 Rfc8 22. Qf3 Bg4 23. Nxf6+ Bxf6 24. Rxe7 Bxe7 25. Qxa8 1-0

[Event "15. Torneo Aficionados Benidorm s-2300"]
[Site "Benidorm ESP"]
[Date "2016.12.06"]
[Round "5.2"]
[White "Sai Agni Jeevitesh, J."]
[Black "De La Cruz Revilla, Miguel"]
[Result "1-0"]
[PlyCount "53"]
[EventDate "2016.12.02"]
[EventType "swiss"]
[EventRounds "10"]
[EventCountry "ESP"]
[SourceTitle "Ajedrez en Madrid"]
[Source "lmi"]
[SourceDate "2016.12.02"]
[WhiteElo "2115"]
[BlackElo "2090"]

1. d4 Nf6 2. c4 c5 3. d5 d6 4. Nc3 g6 5. e4 Bg7 6. Nge2 O-O 7. Ng3 e6 8. Be2
exd5 9. cxd5 h5 10. O-O h4 11. Nh1 Re8 12. f3 Nh5 13. Be3 f5 14. Qd2 a6 15. a4
b6 16. Nf2 Ra7 17. Bg5 Bf6 18. f4 Rh7 19. Rae1 Bxg5 20. fxg5 Nd7 21. exf5 gxf5
22. Bxh5 Rxe1 23. Rxe1 Rxh5 24. Qe2 Rh8 25. Qe6+ Kg7 26. Qxd6 Re8 27. Qh6+ 1-0

[Event "15. Torneo Aficionados Benidorm s-2300"]
[Site "Benidorm ESP"]
[Date "2016.12.06"]
[Round "5.3"]
[White "Do Santos Julio, Joao Manuel"]
[Black "Nunez Garcia, Alberto"]
[Result "0-1"]
[PlyCount "107"]
[EventDate "2016.12.02"]
[EventType "swiss"]
[EventRounds "10"]
[EventCountry "ESP"]
[SourceTitle "Ajedrez en Madrid"]
[Source "lmi"]
[SourceDate "2016.12.02"]
[WhiteElo "2108"]
[BlackElo "2053"]

1. e4 c5 2. Nf3 Nc6 3. d4 cxd4 4. Nxd4 e5 5. Nb5 a6 6. Nd6+ Bxd6 7. Qxd6 Qf6 8.
Qd1 Qg6 9. f3 Nge7 10. Be3 d5 11. Nd2 O-O 12. c3 Be6 13. Qc2 d4 14. Bf2 Rac8
15. a3 b5 16. Bg3 dxc3 17. bxc3 Nd5 18. Rc1 Ne3 19. Qd3 Qg5 20. Qb1 Rfd8 21. f4
exf4 22. Nf3 Qc5 23. Bxf4 Nxf1 24. Rxf1 Bc4 25. Rf2 Bd3 26. Qb2 Bxe4 27. Kf1
Rd3 28. Qe2 Bg6 29. Qb2 Qc4 30. Kg1 Qxf4 31. Ne1 Qe3 32. Nxd3 Bxd3 33. Kh1 Re8
34. h3 Ne5 35. Qd2 Qxd2 36. Rxd2 Rc8 37. Re1 f6 38. Rxe5 fxe5 39. Rxd3 Kf7 40.
Kg1 Ke6 41. Kf2 Rc4 42. Ke3 Ra4 43. Kd2 Rxa3 44. Rg3 g6 45. Rg4 Kd5 46. Kc2
Ra2+ 47. Kb3 Rf2 48. g3 e4 49. Rg5+ Rf5 50. Rg4 Ke5 51. Kc2 g5 52. h4 h5 53.
Rxg5 Rxg5 54. hxg5 0-1

[Event "15. Torneo Aficionados Benidorm s-2300"]
[Site "Benidorm ESP"]
[Date "2016.12.06"]
[Round "5.4"]
[White "Lillo Castany, Victor"]
[Black "Sabater Sanchez, Asensio"]
[Result "1/2-1/2"]
[PlyCount "77"]
[EventDate "2016.12.02"]
[EventType "swiss"]
[EventRounds "10"]
[EventCountry "ESP"]
[SourceTitle "Ajedrez en Madrid"]
[Source "lmi"]
[SourceDate "2016.12.02"]
[WhiteElo "2290"]
[BlackElo "2143"]

1. e4 e5 2. Nf3 Nc6 3. Bc4 Bc5 4. c3 Nf6 5. d3 d6 6. a4 a6 7. Nbd2 O-O 8. O-O
Be6 9. h3 d5 10. exd5 Bxd5 11. b4 Bb6 12. Bb2 Re8 13. Re1 Bxc4 14. Nxc4 Qd5 15.
Nxb6 cxb6 16. c4 Qd6 17. b5 Nd4 18. Nxd4 exd4 19. Qf3 Rxe1+ 20. Rxe1 Qb4 21.
Re2 axb5 22. Bxd4 bxa4 23. Qxb7 Rd8 24. Qxb6 Qxb6 25. Bxb6 Rxd3 26. Ra2 Nd7 27.
Ba5 a3 28. Bb4 h5 29. Rxa3 Rd4 30. Ra8+ Kh7 31. Ra5 Kg6 32. Ra6+ f6 33. Ra7
Rxc4 34. Bd6 Ne5 35. Bf8 Nf7 36. g3 Rc8 37. Ba3 Ng5 38. Kg2 Ne6 39. Ra6 1/2-1/2

[Event "15. Torneo Aficionados Benidorm s-2300"]
[Site "Benidorm ESP"]
[Date "2016.12.06"]
[Round "5.5"]
[White "Carrascoso Morales, Abel"]
[Black "Mingarro Carceller, Sergi"]
[Result "0-1"]
[PlyCount "100"]
[EventDate "2016.12.02"]
[EventType "swiss"]
[EventRounds "10"]
[EventCountry "ESP"]
[SourceTitle "Ajedrez en Madrid"]
[Source "lmi"]
[SourceDate "2016.12.02"]
[WhiteElo "2210"]
[BlackElo "2276"]

1. e4 e5 2. Bc4 Nc6 3. d3 Nf6 4. c3 Bc5 5. b4 Bb6 6. Nf3 d6 7. O-O O-O 8. Bg5
Qe7 9. Nbd2 Nd8 10. d4 Ne6 11. Bxe6 Qxe6 12. h3 exd4 13. Nxd4 Bxd4 14. cxd4
Nxe4 15. Nxe4 Qxe4 16. Qd2 Be6 17. Rac1 Rac8 18. Rc3 f6 19. Bf4 Bd5 20. f3 Qe6
21. Re1 Qd7 22. Rce3 Rfe8 23. Rxe8+ Rxe8 24. Rxe8+ Qxe8 25. Qc3 Qd7 26. a3 Qc6
27. Qe3 Kf7 28. Bg3 Qc2 29. h4 Qb3 30. Qc1 Bc4 31. Bf2 b5 32. Bg3 Qd3 33. Bf2
Ke6 34. d5+ Kxd5 35. Bxa7 c5 36. bxc5 Qd4+ 37. Kh2 Qxh4+ 38. Kg1 Qd4+ 39. Kh1
dxc5 40. Qe1 Bd3 41. Qa5 Kc4 42. Qa6 Kb3 43. Qc6 Qh4+ 44. Kg1 Qe1+ 45. Kh2 Qe5+
46. Kg1 c4 47. Bc5 c3 48. Bb4 c2 49. Bd2 Qd4+ 50. Kh2 Bc4 0-1

[Event "15. Torneo Aficionados Benidorm s-2300"]
[Site "Benidorm ESP"]
[Date "2016.12.06"]
[Round "5.6"]
[White "Belousov, Gennadiy"]
[Black "Alvarez Serrano, Carlos"]
[Result "1/2-1/2"]
[PlyCount "38"]
[EventDate "2016.12.02"]
[EventType "swiss"]
[EventRounds "10"]
[EventCountry "ESP"]
[SourceTitle "Ajedrez en Madrid"]
[Source "lmi"]
[SourceDate "2016.12.02"]
[WhiteElo "2230"]
[BlackElo "2141"]

1. d4 d5 2. Nf3 Nf6 3. c4 e6 4. Nc3 dxc4 5. e3 a6 6. Bxc4 b5 7. Be2 Bb7 8. O-O
Nbd7 9. b3 c5 10. Bb2 Bd6 11. Rc1 O-O 12. dxc5 Bxc5 13. Nd4 Qb6 14. Bf3 Rfd8
15. Bxb7 Qxb7 16. Qf3 Qxf3 17. Ra1 Qf4 18. Nb1 Nb8 19. Nxb5 Bf8 1/2-1/2

[Event "15. Torneo Aficionados Benidorm s-2300"]
[Site "Benidorm ESP"]
[Date "2016.12.06"]
[Round "5.7"]
[White "Gonzalez Aguirre, Luis"]
[Black "Nieves Cabanes, Jose Manuel"]
[Result "0-1"]
[PlyCount "106"]
[EventDate "2016.12.02"]
[EventType "swiss"]
[EventRounds "10"]
[EventCountry "ESP"]
[SourceTitle "Ajedrez en Madrid"]
[Source "lmi"]
[SourceDate "2016.12.02"]
[WhiteElo "2053"]
[BlackElo "2220"]

1. Nf3 Nf6 2. c4 e6 3. Nc3 d5 4. cxd5 exd5 5. d4 c6 6. Bg5 Be7 7. Qc2 O-O 8. e3
Nbd7 9. Bd3 h6 10. Bh4 Re8 11. O-O Ne4 12. Bg3 Nxg3 13. hxg3 Bd6 14. e4 dxe4
15. Nxe4 Nf6 16. Nxd6 Qxd6 17. Rfe1 Be6 18. Bc4 Nd5 19. a3 Rad8 20. Re5 Nc7 21.
Rae1 Re7 22. g4 Red7 23. g5 Bxc4 24. Qxc4 hxg5 25. Nxg5 Qg6 26. Nf3 Qf6 27. Qb3
b6 28. Qc2 g6 29. Qe4 Kg7 30. Re7 Nb5 31. Rxd7 Rxd7 32. Rd1 c5 33. d5 Qxb2 34.
Qe8 Rd6 35. Ne5 Rf6 36. Ng4 Rf4 37. f3 Nd6 38. Qe7 Nf5 39. Qe1 Rxg4 40. fxg4
Nd6 41. Qe3 c4 42. Qf4 Qxa3 43. Qe5+ Kg8 44. Qf6 Qe3+ 45. Kh1 Ne4 46. Qd8+ Kg7
47. Ra1 Nf2+ 48. Kg1 Nxg4+ 49. Kh1 Qh6+ 50. Kg1 Qh2+ 51. Kf1 Qh1+ 52. Ke2 Qxa1
53. d6 Qe5+ 0-1

[Event "15. Torneo Aficionados Benidorm s-2300"]
[Site "Benidorm ESP"]
[Date "2016.12.06"]
[Round "5.8"]
[White "Voiteanu, Gabriel"]
[Black "Gromovs, Sergejs"]
[Result "0-1"]
[PlyCount "94"]
[EventDate "2016.12.02"]
[EventType "swiss"]
[EventRounds "10"]
[EventCountry "ESP"]
[SourceTitle "Ajedrez en Madrid"]
[Source "lmi"]
[SourceDate "2016.12.02"]
[WhiteElo "2216"]
[BlackElo "2119"]

1. d4 c5 2. d5 e5 3. e4 d6 4. c4 Be7 5. Nf3 Nf6 6. Nc3 O-O 7. g3 a6 8. a4 Nbd7
9. Bg2 b6 10. O-O Ne8 11. Ne1 Rb8 12. Nd3 Nc7 13. b4 Bg5 14. f4 exf4 15. gxf4
Bf6 16. e5 dxe5 17. Ne4 exf4 18. Nxf6+ Nxf6 19. bxc5 Bg4 20. Qc2 f3 21. Bxf3
Bxf3 22. Rxf3 bxc5 23. Bg5 Nce8 24. Nxc5 Rc8 25. Be3 Qe7 26. Nxa6 Qd6 27. c5
Qxa6 28. Qf5 Nc7 29. d6 Ne6 30. Rg3 Kh8 31. Bh6 Rxc5 32. Qxc5 Ne4 33. Qe5 Nxg3
34. hxg3 Rd8 35. Rf1 Kg8 36. Qf5 Qa7+ 37. Kh2 gxh6 38. Qe5 Qxa4 39. Qf5 Ng5 40.
Qf6 Qa2+ 41. Kg1 Qa7+ 42. Kh2 Ne6 43. Qxh6 Rxd6 44. Qf6 Rd2+ 45. Kh3 Qd7 46.
Rf5 Ng7 47. g4 Nxf5 0-1